War Pigs - Black Sabbath (All lyrics) - Statistics

General Stats
  • This quiz has been taken 251 times
  • The average score is 89 of 145
Answer Stats
Hint Answer % Correct
The
97%
In
95%
Masses
94%
War
92%
Black
91%
Their
91%
Verse 1 Generals
90%
Like
89%
Witches
89%
Just
88%
At
83%
Gathered
83%
Of
81%
Burning
79%
Bodies
78%
Death
78%
Turning
78%
Destruction
77%
Machine
77%
Minds
77%
Refrain Oh
77%
Keeps
76%
As
75%
Evil
74%
To
74%
And
73%
Lord
72%
Yeah
72%
Fields
71%
That
70%
Construction
68%
On
67%
Deaths
66%
Mankind
66%
Plot
66%
Sorcerer
66%
They
65%
Go
64%
Pigs
64%
Brainwashed
61%
Hatred
60%
Bridge Politicians
54%
Poisoning
53%
Started
53%
No
52%
Why
51%
Away
50%
Fight?
50%
Only
50%
Hide
48%
Power
48%
Themselves
48%
Out
46%
For
45%
Poor
45%
Should
45%
Leave
44%
Day
39%
God
39%
People
39%
Chess
37%
Pawns
37%
Hour
36%
More
36%
Have
35%
Fun
34%
All
33%
Has
33%
Treating
33%
Is
32%
Satan
32%
Struck
31%
Wings
31%
His
30%
Making
30%
Spreads
30%
Will
30%
Laughing
28%
Time
28%
Wait
28%
Verse 2 Now
27%
Comes
26%
Crawling
26%
Darkness
26%
Tell
26%
Stops
25%
Till
25%
World
25%
Calling
23%
Hand
23%
Where
22%
Knees
21%
Sins
21%
Begging
20%
Ashes
19%
Judgment
19%
Mercies
12%
No matching quizzes found
Score Distribution
Percent of People with Each Score
Percentile by Number Answered
Your Score History
You have not taken this quiz